the study on household's livelihood in angkor treath commune, svay antor district, prey veng province ការសិក្សារពីកម្រិតជីវភាពរបស់ប្រជាជន នៅឃុំអង្គរទ្រេត ស្រុកស្វាយអន្ទរ ខេត្តព្រៃវែង (Record no. 18395)

000 -LEADER
fixed length control field 00788nam a22001577a 4500
003 - CONTROL NUMBER IDENTIFIER
control field LRUA
005 - DATE AND TIME OF LATEST TRANSACTION
control field 20191115152646.0
008 - FIXED-LENGTH DATA ELEMENTS--GENERAL INFORMATION
fixed length control field 191115b xxu||||| |||| 00| 0 eng d
040 ## - CATALOGING SOURCE
Transcribing agency RUA
082 ## - DEWEY DECIMAL CLASSIFICATION NUMBER
Classification number AED SON 2018 B650 Or.1
100 ## - MAIN ENTRY--PERSONAL NAME
9 (RLIN) 14013
Personal name SON SOPORLEAK សុន សុពណ៍លក្ខ
245 ## - TITLE STATEMENT
Title the study on household's livelihood in angkor treath commune, svay antor district, prey veng province ការសិក្សារពីកម្រិតជីវភាពរបស់ប្រជាជន នៅឃុំអង្គរទ្រេត ស្រុកស្វាយអន្ទរ ខេត្តព្រៃវែង
260 ## - PUBLICATION, DISTRIBUTION, ETC. (IMPRINT)
Place of publication, distribution, etc. RUA
Name of publisher, distributor, etc. Phnom penh
Date of publication, distribution, etc. 2018
300 ## - PHYSICAL DESCRIPTION
Extent xii;56p
Other physical details ill;
Dimensions 29cm
942 ## - ADDED ENTRY ELEMENTS (KOHA)
Source of classification or shelving scheme
Koha item type AED
Holdings
Price effective from Date last seen Permanent Location Not for loan Date acquired Source of classification or shelving scheme Koha item type Lost status Withdrawn status Date last checked out Total Checkouts Shelving location Damaged status Barcode Current Location Full call number
2019-11-152019-11-15Library Block B 2019-11-15 AED    B650 A42158Library Block BAED SON 2018 B650 Or.1
2019-11-152019-11-15Library Block B 2019-11-15 AED    B650 A42165Library Block BAED SON 2018 B650 Or.2
2019-11-152019-11-15Library Block B 2019-11-15 AED    B650 A42090Library Block BAED SON 2018 B650 Or.3
2019-11-152019-11-15Library Block B 2019-11-15 AED    B650 A42163Library Block BAED SON 2018 B650 Or.4
2019-11-152019-11-15Library Block B 2019-11-15 AED    B650 A42453Library Block BAED SON 2018 B650 Or.5
2019-11-152025-07-04Library Block B 2019-11-15 AED  2025-05-301B650 A42448Library Block BAED SON 2018 B650 Or.6
មជ្ឈមណ្ឌលឯការនៃសាកលវិទ្យាល័យភូមិន្ទកសិកម្មចំការដូង

Powered by Koha